Internalistické znaky v koncepcii intuitívneho poznania podľa Dunsa Scota
Scotovo chápanie intuitívneho poznania optikou internalistických prístupov v súčasnej analytickej epistemológii k povahe zdôvodnenia, čo sa neukazuje ako bezproblémové. Dôvodom stanovenia tohto cieľa bolo to, že Scotus používa racionálnu intuíciu ako špecifický druh zdôvodnenia rozličných epistemol...
Salvato in:
| Autore principale: | |
|---|---|
| Natura: | Capitolo di libro |
| Lingua: | slovacco |
| Soggetti: | |
| Tags: |
Nessun Tag, puoi essere il primo ad aggiungerne!!
|
MARC
| LEADER | 00000naa a2200000 4500 | ||
|---|---|---|---|
| 001 | 0225391 | ||
| 005 | 20220725085641.8 | ||
| 041 | 0 | |a slo | |
| 044 | |a SK | ||
| 245 | 1 | 0 | |a Internalistické znaky v koncepcii intuitívneho poznania podľa Dunsa Scota |c Michal Chabada |
| 520 | |a Scotovo chápanie intuitívneho poznania optikou internalistických prístupov v súčasnej analytickej epistemológii k povahe zdôvodnenia, čo sa neukazuje ako bezproblémové. Dôvodom stanovenia tohto cieľa bolo to, že Scotus používa racionálnu intuíciu ako špecifický druh zdôvodnenia rozličných epistemologických fenoménov. | ||
| 610 | 2 | 0 | |a filozofia |
| 610 | 2 | 0 | |a filozofi |
| 610 | 2 | 0 | |a dejiny filozofie |
| 610 | 2 | 0 | |a smery filozofické |
| 610 | 2 | 0 | |a metódy poznania |
| 610 | 2 | 0 | |a vedomie spoločenské |
| 610 | 2 | 0 | |a javy náhodné |
| 610 | 2 | 0 | |a subjekt |
| 100 | 1 | |a Chabada, Michal | |